| 000 | 00853nam a22002535i 4500 | ||
|---|---|---|---|
| 001 | 163443 | ||
| 003 | ES-MaACL | ||
| 005 | 20230906212736.0 | ||
| 008 | 990908s1877 fr a |||| | fre d | ||
| 040 |
_aEUS _bspa _cEUS |
||
| 100 | 1 |
_aRibary, Ferencz. _9131768 |
|
| 245 | 1 | 0 |
_aEssai sur la langue basque / _cpar François Ribary... ; traduit du hongrois... par Julien Vinson. |
| 260 |
_aParis : _bF. Vieweg..., _c1877 ( _eNogent-le-Rotrou : _fImprimerie Gouverneur, G. Daupeley) |
||
| 300 |
_aXXVIII, 158 p. ; _c22 cm. |
||
| 490 | 1 | _aCollection Philologique | |
| 596 | _aMarca de ed. en port. | ||
| 597 | _aSignaturizado. | ||
| 650 |
_aLengua vasca. _914329 |
||
| 700 | 0 |
_aVinson, Julien. _9115339 |
|
| 830 | 0 |
_aCollection Philologique _9222274 |
|
| 852 |
_aES-MaACL _jC-6764 _z-- Enc. hol. |
||
| 999 |
_c163443 _d163443 |
||